Statistics for Municipalities of Shizuoka Prefecture

Click here to take the quiz!

General Stats

  • This quiz has been taken 123 times
  • The average score is 23 of 35

Answers on the Map

Answers color-coded by a green-red scale on the quiz's map according to % correct below.
 

Answer Stats

Answer% Correct
Hamamatsu 浜松
97%
Shizuoka 静岡
97%
Fuji 富士
94%
Izu 伊豆
88%
Atami 熱海
85%
Gotenba 御殿場
82%
Numazu 沼津
82%
Shimoda 下田
82%
Fujinomiya 富士宮
79%
Mishima 三島
79%
Ito 伊東
76%
Kakegawa 掛川
76%
Yaizu 焼津
73%
Iwata 磐田
70%
Minamiizu 南伊豆
70%
Shimada 島田
70%
Fujieda 藤枝
67%
Fukuroi 袋井
64%
Izunokuni 伊豆の国
64%
Kosai 湖西
64%
Omaezaki 御前崎
64%
Oyama 小山
61%
Higashiizu 東伊豆
58%
Kannami 函南
58%
Nishiizu 西伊豆
58%
Shimizu 清水
58%
Mori 森
55%
Kawanehon 川根本
52%
Kawazu 河津
48%
Kikugawa 菊川
48%
Makinohara 牧之原
48%
Matsuzaki 松崎
45%
Nagaizumi 長泉
42%
Susono 裾野
42%
Yoshida 吉田
42%

Score Distribution

Percentile by Number Answered

Percent of People with Each Score

Your Score History

You have not taken this quiz